Skigebiete Österreich Quiz - Statistiken

Allgemein
  • Dieses Quiz wurde 482 mal gespielt
  • Das Durchschnittsergebnis liegt bei 6 aus 10
Antwortstatistiken
Frage Antwort % Korrekt
In welchem Skigebiet findet die Streif statt? Kitzbühel
94%
In welchem Bundesland sind die meisten Skigebiete? Tirol
86%
Welcher österreichische Skifahrer hat die meisten Weltcupsiege? Marcel Hirscher
73%
Was ist das größte österreichische Skigebiet? Ski Arlberg
63%
Welches Skigebiet ist mit einem Ort in der Schweiz verbunden? Ischgl
61%
Welches der 4 Skigebiete hat die meisten Pistenkilometer? Ischgl
55%
Welches der 4 Skigebiete liegt in Salzburg? Kitzsteinhorn
55%
Wo wurde der Skifahrer Hermann Maier geboren? Flachau
51%
Was ist das höchste Skigebiet in Österreich? Pitztaler Gletscher
37%
Welches Skigebiet ist mit Südtirol verbunden? keines
32%
Keine übereinstimmenden Quizze gefunden
Verteilung der Resultate
Anzahl Personen mit jedem Resultat
Perzentil nach korrekt beantworteten Fragen
Ihre Resultats-Entwicklung
Sie haben dieses Quiz noch nicht gespielt